000 00453 a2200133 4500
000 nam a22 7a 4500
100 _aआदेश परिहार
110 _aआदेश परिहार
245 _aभारत के पड़ोस में अस्थिरता
250 _alatest edition
260 _bनिशा पब्लिकेशन
_c2024
264 _bनिशा पब्लिकेशन
_c2024
942 _cBK
999 _c394212
_d394212